Girls' Names in Top 1000-B (2023) - Statistics

General Stats
  • This quiz has been taken 282 times
  • The average score is 19 of 38
Answer Stats
Answer % Correct
Bella
85%
Bria
83%
Briana
81%
Brianna
81%
Bethany
74%
Brittany
67%
Bonnie
66%
Bailee
64%
Bailey
64%
Baylee
64%
Barbara
63%
Brooke
62%
Billie
59%
Brooklyn
58%
Brooklynn
58%
Bianca
56%
Brynn
56%
Beatrice
52%
Belen
52%
Bridget
52%
Brielle
52%
Blake
49%
Blair
45%
Blaire
45%
Briella
45%
Brinley
42%
Brynlee
42%
Brynleigh
42%
Blakely
35%
Braelyn
26%
Braelynn
26%
Birdie
22%
Bristol
21%
Briar
20%
Bellamy
19%
Blessing
10%
Baylor
9%
Berkley
9%
No matching quizzes found
Score Distribution
Percent of People with Each Score
Percentile by Number Answered
Your Score History
You have not taken this quiz